[Event "Yingmei Cup CHN-chT 2017"]
[Site "?"]
[Date "2017.08.20"]
[Round "14"]
[White "Andreikin, Dmitry"]
[Black "Wan, Yunguo"]
[Result "1-0"]
[WhiteElo "2712"]
[BlackElo "2492"]
[Annotator "TA"]
[PlyCount "77"]
[EventDate "2017.??.??"]
[SourceTitle "Wuxi"]

1. e4 c5 2. Nf3 Nc6 3. d4 cxd4 4. Nxd4 Nf6 5. Nc3 e5 6. Nde2 d6 7. g3 Be6 {
B56: Classical Sicilian: Unusual Lines} (7... Be7 8. Bg2 O-O 9. O-O Rb8 10. b3
b5 11. Bb2 Qb6 12. h3 Nd8 13. Kh2 b4 14. Nb1 a5 15. c4 Ne6 16. Nd2 a4 17. Rb1 {
0-1 (29) Weichhold,P (2408)-Bartel,M (2648) Gorzow Wielkopolski 2014}) 8. Bg2
Be7 {LiveBook: 3 Games} 9. h3 O-O {White has an edge.} 10. Be3 Rc8 $146 ({
Predecessor:} 10... Qa5 11. O-O Rfd8 12. Nd5 Bxd5 13. exd5 Nb4 14. c4 Qc7 15.
a3 {1-0 (31) Sahl,B (2366)-Jorgensen,K (1999) Ballerup 2009}) 11. Qd2 a6 12. g4
b5 13. g5 Nd7 14. h4 Nc5 15. Nd5 Bxd5 16. exd5 Nb8 (16... Na5 $14) 17. Ng3 f5
18. gxf6 Bxf6 19. O-O-O Nbd7 20. Bh3 (20. Kb1 $16) 20... e4 $1 $11 21. Bxd7 (
21. Bxc5 {is interesting.} Rxc5 22. Nxe4 Rc4 23. Qe2 Nc5 24. Nxc5 Rxc5 25. Kb1)
21... Qxd7 22. Bxc5 $1 Rxc5 23. Nxe4 Rc4 24. Nxf6+ Rxf6 25. Rde1 h6 26. Re2 (
26. b3 $5 Rcf4 27. Rh2 $11) 26... Qf5 27. b3 Rf4 28. Qa5 Qxd5 29. Rd1 Qc6 30.
Rdd2 (30. Kb2 $1 $15) 30... Kh7 31. h5 R4f5 32. Kb2 Rxh5 33. Re7 Rhf5 34. Rd3
Rf3 35. Qd2 Rxf2 $2 {[#]} (35... Qc5 $19 36. Rd5 Qxf2) 36. Rg3 $3 $16 Rf7 $2 {
[#]} ({Worse is} 36... Rxd2 37. Rexg7+ Kh8 38. Rg8+ Kh7 39. R3g7#) (36... Kh8
$16 37. Rexg7 Qc7 38. Qxh6+ (38. Rxc7 Rxd2 39. Rgg7 Re2 $16) 38... Rxh6 39.
Rxc7 Rf5) 37. Qxf2 $3 $18 {White is clearly winning.} Rxe7 {[#]} (37... Rxf2
38. Rexg7+) 38. Qf5+ $1 Kg8 {[#]} 39. Rc3 $1 {Precision: White = 45%, Black =
49%.} 1-0

[Event "Yingmei Cup CHN-chT 2017"]
[Site "?"]
[Date "2017.08.20"]
[Round "14"]
[White "Wang, Yue"]
[Black "Lu, Shanglei"]
[Result "1/2-1/2"]
[WhiteElo "2706"]
[BlackElo "2620"]
[Annotator "TA"]
[PlyCount "44"]
[EventDate "2017.??.??"]
[SourceTitle "Wuxi"]

1. d4 d5 2. c4 e6 3. Nc3 Nf6 4. cxd5 Nxd5 5. e4 Nxc3 6. bxc3 c5 7. Rb1 Be7 {
D35: Queen's Gambit Declined: Exchange Variation} 8. Nf3 O-O 9. Bc4 Nc6 (9...
Qc7 10. Qe2 a6 11. O-O b5 12. Bd3 Nd7 13. h4 e5 14. h5 h6 15. Nxe5 Nxe5 16.
dxe5 {0-1 (45) Navara,D (2737)-Dominguez Perez,L (2739) Saint Louis 2017}) 10.
O-O b6 {LiveBook: 4 Games} 11. Be3 cxd4 12. cxd4 Bb7 13. Qe2 Rc8 14. Rfd1 Qc7
15. Bb5 Rfd8 $146 16. Rbc1 {[#] And now d5 would win.} Qb8 17. Bd3 Nb4 18. Bb1
Rxc1 19. Rxc1 Rc8 20. Rd1 Rd8 (20... Qc7 $15) 21. Rc1 (21. h4 $11) 21... Rc8
$15 22. Rd1 Rd8 {Precision: White = 60%, Black = 77%.} (22... Qc7 $15) 1/2-1/2

[Event "Yingmei Cup CHN-chT 2017"]
[Site "?"]
[Date "2017.08.20"]
[Round "14"]
[White "Wang, Hao"]
[Black "Bu, Xiangzhi"]
[Result "0-1"]
[WhiteElo "2690"]
[BlackElo "2713"]
[Annotator "TA"]
[PlyCount "82"]
[EventDate "2017.??.??"]
[SourceTitle "Wuxi"]

1. e4 c5 2. Nf3 Nc6 3. d4 cxd4 4. Nxd4 g6 5. c4 Bg7 6. Be3 Nf6 7. Nc3 O-O 8.
Be2 d6 9. O-O Bd7 10. Qd2 Nxd4 11. Bxd4 Bc6 12. f3 a5 13. b3 Nd7 14. Be3 Nc5
15. Rab1 Qb6 16. Rfc1 Rfc8 17. Bf1 Qb4 {B38: Sicilian: Maroczy Bind with 5...
Bg7 and 7...0-0} (17... Qd8 18. Qf2 Qf8 19. a3 Bh6 20. b4 Bxe3 21. Qxe3 axb4
22. axb4 Na4 23. Nd5 Bxd5 24. exd5 Qg7 {1/2-1/2 (24) Leitao,R (2601)-Milos,G 
(2592) Rio de Janeiro 2007}) 18. Qb2 Qb6 {LiveBook: 3 Games} 19. Kh1 Qd8 {
White is slightly better.} 20. Qd2 e6 $146 ({Predecessor:} 20... h5 21. Rc2 Kh7
22. a3 Qh8 23. b4 axb4 24. axb4 Ne6 25. b5 Bxc3 26. Rxc3 {1-0 (41) Fomichenko,
E (2492)-Van Delft,M (2401) Naujac 2008}) 21. Bg5 Qf8 22. Rd1 h6 23. Be3 Rd8
24. a3 Nd7 25. b4 (25. Nd5 $5) 25... axb4 26. axb4 {Threatens to win with b5.}
Ne5 27. Rb3 Rdc8 28. h3 g5 29. Be2 Qe7 30. Qxd6 ({White should play} 30. f4 $14
gxf4 31. Bxf4) 30... Qxd6 $11 31. Rxd6 Ra1+ 32. Bg1 {[#]} (32. Rb1 $11 Rxb1+
33. Nxb1) 32... Nxc4 $1 $17 33. Bxc4 {[#]} (33. Rd1 $142 Rxd1 34. Nxd1) 33...
Ba4 $1 34. Bxe6 $2 (34. Nxa4 $17 Rxc4 35. Nb2) 34... fxe6 $19 35. Nxa4 {
[#] Nc5 is the strong threat.} Rcc1 $1 {Black is clearly winning.} 36. Rxe6 (
36. Rd8+ $142 Kh7 37. Rd7 Rxg1+ 38. Kh2 Rh1+ 39. Kg3 Rxa4 40. f4) 36... Rxg1+
37. Kh2 h5 (37... Rh1+ 38. Kg3 $17) 38. Kg3 Ra2 ({Not} 38... h4+ 39. Kg4 $17)
39. Nb2 Bxb2 40. Kh2 Raa1 {( -> ...h4)} 41. Kg3 Kf7 {Precision: White = 35%,
Black = 75%.} 0-1

[Event "Yingmei Cup CHN-chT 2017"]
[Site "?"]
[Date "2017.08.20"]
[Round "14"]
[White "Ma, Qun"]
[Black "Wei, Yi"]
[Result "1/2-1/2"]
[WhiteElo "2637"]
[BlackElo "2727"]
[Annotator "TA"]
[PlyCount "98"]
[EventDate "2017.??.??"]
[SourceTitle "Wuxi"]

1. d4 Nf6 2. c4 g6 3. Nf3 Bg7 4. g3 c6 5. Bg2 d5 6. cxd5 cxd5 7. Nc3 O-O 8. O-O
Ne4 9. Ne5 Bf5 10. Qb3 Nc6 11. Nxc6 bxc6 12. Nxe4 Bxe4 13. Be3 {LiveBook: 3
Games. D79: Fianchetto Grünfeld: Symmetrical Variation (6 0-0 c6 7 cxd5 cxd5)}
(13. Bxe4 dxe4 14. Be3 Rb8 15. Qa3 Bxd4 16. Rad1 e5 17. Bxd4 exd4 18. Qxa7 Rb6
19. a4 c5 20. a5 Rb5 {0-1 (39) Zhou,J (2589) -Wei,Y (2718) Xinghua 2015}) 13...
Bxg2 14. Kxg2 c5 15. Rad1 $146 ({Find the theoretical novelty and annotate
with similar games:} 15. Rfd1 Rb8 16. Qa3 c4 17. b3 Qd7 18. bxc4 dxc4 19. Rac1
Rfc8 20. Bf4 Rb5 {0-1 (46) Tran,C-Nguyen,T Dong Nai 1995}) 15... c4 16. Qa3 Qd7
17. b3 Rfc8 18. Rc1 c3 {Strongly threatening ...c2.} 19. Rfd1 {The position is
equal.} Rc6 20. Rc2 Rac8 21. Rd3 Qc7 22. Qc1 e6 23. Bf4 Qa5 24. a3 h5 (24... h6
$5) 25. b4 Qb5 26. Rdxc3 Rxc3 27. Rxc3 Rxc3 28. Qxc3 Qxe2 29. Qe3 Qa6 30. Be5
f6 31. Bf4 g5 32. Bc7 Kf7 33. h3 Qc6 34. Ba5 Qc4 35. Qf3 Kg6 36. Qe3 Qa6 37. h4
g4 38. Bc7 Bh6 39. Bf4 Bxf4 40. Qxf4 Qxa3 $11 {Endgame KQ-KQ} 41. Qb8 Qf3+ 42.
Kg1 Qd1+ (42... e5 $5) 43. Kg2 Qf3+ (43... e5 $5) 44. Kg1 Qd1+ (44... e5 $5)
45. Kg2 Qxd4 46. Qe8+ Kg7 47. Qe7+ Kg6 48. Qe8+ Kg7 49. Qe7+ Kg6 {Precision:
White = 94%, Black = 78%.} 1/2-1/2

[Event "Yingmei Cup CHN-chT 2017"]
[Site "?"]
[Date "2017.08.20"]
[Round "14"]
[White "Zhou, Weiqi"]
[Black "Zhang, Ziji"]
[Result "1-0"]
[WhiteElo "2606"]
[BlackElo "2318"]
[Annotator "TA"]
[PlyCount "141"]
[EventDate "2017.??.??"]
[SourceTitle "Wuxi"]

1. d4 d5 2. c4 c6 3. Nf3 Nf6 4. Nc3 dxc4 5. a4 e6 6. e3 c5 7. Bxc4 Nc6 {
D16: Slav Defence: 5 a4: Lines with 5... Bg4 and 5...Na6} 8. O-O Be7 9. dxc5 (
9. Qe2 O-O 10. Rd1 Qc7 11. b3 b6 12. Bb2 Bb7 13. d5 exd5 14. Nxd5 Nxd5 15. Bxd5
{1/2-1/2 (41) Giri,A (2775)-Li,C (2735) Geneve 2017}) 9... Qxd1 10. Rxd1 Bxc5
11. Bd2 {LiveBook: 9 Games} O-O 12. Be1 $146 ({Find the theoretical novelty
and annotate with similar games:} 12. Na2 a5 13. Rac1 b6 14. Ne1 Bb7 15. Nd3
Be7 16. f3 Rfd8 17. Kf2 Nd7 18. Bb5 Nc5 19. Ke2 Kf8 20. Bc3 f6 21. Bxc6 Bxc6
22. Nxc5 {1-0 (22) Gyimesi,Z (2616)-Sumets,A (2523) Warsaw 2006}) 12... b6 13.
Nb5 Nb4 14. Nc7 Rb8 15. Bxb4 Bxb4 16. Ne5 $36 {White has the initiative.} a5
17. Rac1 (17. Nc6 $5 Rb7 18. Na6 $16) 17... Bb7 18. Na6 Bxa6 $1 19. Bxa6 Rbd8 {
[#]} (19... Ra8 $11 20. Be2 Bc5) 20. Rxd8 $1 $16 Rxd8 21. Nc6 Bd2 {[#]} 22. Rc2
$1 ({Not} 22. Nxd8 Bxc1 23. b3 Ba3 $11) 22... Rd7 23. Bb5 {Nxa5! is the strong
threat.} Be1 {[#]} 24. Nxa5 $1 {Intending Rc8+ and mate.} Rd8 (24... bxa5 25.
Rc8+) 25. Nb7 Rb8 26. Nd6 Bb4 27. Rc8+ Rxc8 28. Nxc8 {Endgame KBN-KBN} Bc5 29.
Kf1 Ne4 30. Ke2 Kf8 31. Na7 Nd6 32. Kd3 f5 33. Bc6 Bb4 34. f4 Bc5 35. b3 (35.
Bf3 $18) 35... Kf7 36. Bf3 b5 37. Nc6 {Hoping for b4.} bxa4 38. bxa4 Ke8 39. g4
Kd7 40. g5 Kc7 (40... Ne8 $142 41. Nd4 Nc7) 41. Nd4 $18 Kd7 42. Bd1 Ne8 43. Bb3
Nc7 44. h4 h6 (44... g6 $16 {was necessary.} 45. a5 Bb4) 45. Nf3 Bb6 46. Bc4
Ba5 47. Ne5+ Ke8 (47... Kd6 {keeps fighting.} 48. gxh6 gxh6) 48. h5 Bb6 49. Ke2
Ba5 50. Nc6 Bb6 51. a5 Bc5 52. a6 Kd7 53. Ne5+ Ke8 54. Kd3 Bb6 55. e4 fxe4+ 56.
Kxe4 Bc5 (56... Ke7 $142 57. gxh6 gxh6) 57. gxh6 gxh6 58. Ng4 Bf8 (58... Ke7
$142 59. Nxh6 Ne8) 59. Ke5 Ke7 60. a7 Bg7+ 61. Ke4 Kd6 62. Bb3 Kc6 $2 {[#]} (
62... Bf8 63. f5 exf5+ 64. Kxf5 Kc6) 63. Bxe6 $1 {White is clearly winning.}
Kb7 (63... Nxe6 64. a8=Q+) 64. Bf7 Nb5 65. Kf5 Kxa7 66. Kg6 Bc3 67. Nxh6 Kb6
68. Ng4 Nd4 69. h6 Ne2 70. f5 Nf4+ 71. Kg5 {Precision: White = 82%, Black =
39%.} 1-0

[Event "Yingmei Cup CHN-chT 2017"]
[Site "?"]
[Date "2017.08.20"]
[Round "14"]
[White "Andriasian, Zaven"]
[Black "Zhao, Jun"]
[Result "1/2-1/2"]
[WhiteElo "2599"]
[BlackElo "2616"]
[Annotator "TA"]
[PlyCount "138"]
[EventDate "2017.??.??"]
[SourceTitle "Wuxi"]

1. e4 e6 2. d4 d5 3. Nc3 dxe4 4. Nxe4 Bd7 5. Nf3 Bc6 6. Bd3 Nd7 7. O-O Ngf6 8.
Ng3 Be7 9. Re1 O-O 10. c3 Bd5 11. c4 Bxf3 12. Qxf3 c6 13. b3 Re8 14. Bb2 Qa5 {
C10: French with 3 Nc3: Unusual Black 3rd moves and 3...dxe4} 15. a3 Rad8 16.
b4 {LiveBook: 3 Games} Qc7 {White has an edge.} 17. Bc3 Bf8 18. Rad1 {[#]} a6
$146 ({Predecessor:} 18... g6 19. Nf1 Bg7 20. Ne3 e5 21. Bf1 exd4 22. Bxd4 {
1/2-1/2 (48) Anand,V (2779)-Gelfand,B (2729) Rishon Le Ziyyon 2006}) 19. a4 b5
$1 20. d5 (20. c5 $11) 20... bxc4 $1 $15 21. dxc6 cxd3 22. cxd7 Nxd7 23. Rxd3
Nb6 $1 24. Nh5 ({White should try} 24. Ne4 $15 Rxd3 25. Qxd3) 24... Rxd3 $1 $17
25. Qxd3 {Strongly threatening Be5.} Rd8 26. Qf3 Nd5 $1 $40 {Black attacks
with force.} 27. Be5 Qc4 28. h3 (28. Qg3 $1 $15 Qxb4 29. Ra1) 28... f6 (28...
Bxb4 $6 29. Rd1 $11) ({Wrong is} 28... Nxb4 $2 29. Nf6+ $1 Kh8 30. Qh5 $18) 29.
Bg3 e5 ({Of course not} 29... Bxb4 $6 30. Rxe6 Bf8 31. Re4 $11) 30. Re4 Qc7 (
30... Qc2 $142 31. Bh4 Nf4 32. Nxf4 exf4 33. Rxf4 Qd1+ 34. Kh2 Bd6) 31. Bh4 Qf7
32. b5 (32. Rxe5 $142 fxe5 33. Qxf7+ Kxf7 34. Bxd8) 32... axb5 33. axb5 {
[#] intending Rxe5!} Rb8 $1 34. Rg4 {And now Qxd5! would win.} Kh8 ({And not} 
34... Rxb5 35. Nxf6+ Nxf6 36. Bxf6 $11) (34... f5 $19 35. Ra4 Rxb5) 35. Qb3 {
Threatening Nxf6!} Rd8 36. b6 Qxh5 37. b7 Qe8 {[#] Hoping for ...g5.} 38. b8=Q
$1 Rxb8 39. Qxd5 Rd8 40. Qf3 {next Bxf6! is good for White.} Qd7 {Threatens to
win with ...Qd1+.} 41. Kh2 {Black should prevent Bxf6!} Re8 42. Rc4 h6 43. g4
Qf7 44. Ra4 Kg8 45. Bg3 Bc5 46. h4 Bd4 (46... h5 $5 47. gxh5 Bd4 $15) 47. h5
Bc5 48. Qe4 Bf8 49. Qf3 Rd8 50. Qe4 Qd7 51. Qc4+ Kh8 52. Qe4 Qd2 53. Ra8 Rxa8 (
53... Be7 {is interesting.} 54. Rxd8+ Bxd8 55. Kh3 Qd1 56. f3 Qh1+) 54. Qxa8
Kg8 55. Qc6 Qa2 56. Kg2 Kf7 57. Qb7+ Be7 58. Qe4 Qb3 59. Qg6+ Kf8 60. Qe4 Qe6
61. Qa8+ Kf7 62. Qe4 Bc5 63. Qb7+ Be7 64. Qe4 Qd7 65. Qc4+ Kf8 66. Qe4 Bc5 67.
Qa8+ Ke7 68. Qe4 Bd6 69. Kh2 Kf8 {Precision: White = 56%, Black = 57%.} 1/2-1/2

[Event "Yingmei Cup CHN-chT 2017"]
[Site "?"]
[Date "2017.08.20"]
[Round "14"]
[White "Ju, Wenjun"]
[Black "Zhao, Xue"]
[Result "1/2-1/2"]
[WhiteElo "2596"]
[BlackElo "2499"]
[Annotator "TA"]
[PlyCount "124"]
[EventDate "2017.??.??"]
[SourceTitle "Wuxi"]

1. d4 e6 2. c4 Nf6 3. g3 Bb4+ 4. Bd2 a5 5. Bg2 d6 6. Nf3 Nbd7 7. O-O e5 8. Bc1
{E11: Bogo-Indian} (8. Be3 O-O 9. Qc2 exd4 10. Bxd4 Re8 11. Nc3 c6 12. Rad1 Qe7
13. a3 Bc5 14. Rfe1 h6 15. e4 Bxd4 16. Nxd4 {1/2-1/2 (70) Postny,E (2616)-Van
Wely,L (2685) Novi Sad 2016}) (8. b3 O-O 9. a3 Bxd2 10. Qxd2 Re8 11. Nc3 c6 12.
e4 exd4 13. Nxd4 Nb6 14. a4 Nbd7 15. Rfe1 Nc5 {1/2-1/2 (32) Ju,W (2527)-Zhao,X
(2552) China 2014}) 8... exd4 9. Nxd4 O-O 10. b3 Re8 {LiveBook: 5 Games} 11.
Nc2 $146 ({Predecessor:} 11. Bb2 c6 12. Nc3 Ne5 13. Na4 Bc5 14. Nxc5 dxc5 15.
Nc2 Bf5 {1-0 (50) Sturt,R (2392)-Gasanov,E (2502) Budapest 2015}) 11... Qe7 12.
a3 Bc5 13. Nc3 Bb6 14. Rb1 (14. Be3 $5) 14... Qe5 15. Bb2 Qh5 16. e3 Qg6 ({
Much worse is} 16... Ng4 $6 17. h3 $16) 17. Nd4 Nc5 18. Nce2 Nd3 19. Ba1 Ne5
20. a4 Qh6 21. Qc2 c6 22. e4 Bh3 23. Bxh3 Qxh3 24. Nf4 Qg4 {[#] White must now
prevent ...Bxd4.} 25. h3 Qd7 {aiming for ...Bxd4.} (25... Qg5 $5 26. Kg2 Bxd4
27. Bxd4 {[#]} Nxe4 $1 $15) 26. Kg2 Ng6 27. Nxg6 hxg6 28. Rfe1 Re7 29. Re2 Rae8
30. Rbe1 Qc7 31. Nf3 Bc5 32. e5 dxe5 33. Rxe5 Rxe5 34. Rxe5 Rxe5 35. Nxe5 Qe7
36. Qd3 Bb6 (36... Bd6 $5 37. Qe3 c5 $11) 37. Bd4 (37. Bc3 {with more
complications.} Ba7 38. h4 Bb6 39. Bd4 Bxd4 40. Qxd4 Nh7 41. Nf3) 37... Bc7 (
37... Bxd4 {is interesting.} 38. Qxd4 Nh7 39. c5 Nf8 40. Nc4 Ne6) 38. Nf3 Qe4 (
38... Ne4 {feels hotter.} 39. Nd2 Ng5 40. Be3 Ne6 41. Nf3 Nc5) 39. Qxe4 (39.
Qd2 {looks sharper.} Qe7 40. Qg5 Qe6 41. Qh4 Qf5 42. Ng5) 39... Nxe4 $11 {
Endgame KBN-KBN} 40. Kf1 Bd6 41. Ke2 Bc5 (41... Nc5 $11) 42. Ke3 $1 $16 Bxd4+
43. Nxd4 $2 {KN-KN} (43. Kxd4 $18 f5 44. Ne5) 43... Nc5 $11 {The position is
equal.} 44. f4 Kf8 45. g4 Ke7 46. Kd2 Kd6 47. Ke3 Kd7 48. Kd2 Ke7 49. Ke2 Kf6
50. h4 Ke7 51. Kd2 Ne4+ 52. Ke3 Nf6 53. g5 Nd7 54. Nf3 Ke6 55. Nd4+ Kd6 56. Ke4
Nc5+ 57. Ke3 Kd7 58. Kd2 Ke7 59. Ke2 Kd6 60. Ke3 Ke7 61. Ke2 Ne6 62. Ke3 Nc5 {
Precision: White = 67%, Black = 45%.} 1/2-1/2

[Event "Yingmei Cup CHN-chT 2017"]
[Site "?"]
[Date "2017.08.20"]
[Round "14"]
[White "Bai, Jinshi"]
[Black "Lin, Chen"]
[Result "1/2-1/2"]
[WhiteElo "2585"]
[BlackElo "2475"]
[Annotator "TA"]
[PlyCount "70"]
[EventDate "2017.??.??"]
[SourceTitle "Wuxi"]

1. d4 d5 2. c4 c6 3. Nf3 Nf6 4. Nc3 a6 5. c5 Nbd7 6. Bf4 Nh5 7. Bd2 Nhf6 {
D15: Slav Defence: 4 Nc3 a6 and gambit lines after 4 Nc3 dxc4} 8. Rc1 g6 9. g3
Bg7 10. Bg2 O-O 11. O-O Re8 {LiveBook: 4 Games} 12. Re1 e5 $146 ({Find the
theoretical novelty and annotate with similar games:} 12... Ne4 13. Bf4 Nxc3
14. bxc3 b5 15. cxb6 Nxb6 {1/2-1/2 (88) Li,C (2722)-Malakhov,V (2712) Chartres
2017}) 13. Nxe5 Nxe5 14. dxe5 Rxe5 15. Na4 {Nb6 is the strong threat.} Bf5 16.
Nb6 Ra7 17. Bc3 Re8 18. Qa4 Qe7 19. Qh4 a5 20. e3 h6 21. Qd4 Qf8 22. Qd2 Ne4
23. Bxg7 (23. Bxe4 $5 Bxe4 24. Bxg7 Qxg7 25. Qd4 $11) 23... Qxg7 24. Qd4 Nf6
25. Red1 Be4 26. f3 Bf5 27. Rc3 Be6 28. Ra3 Nd7 29. Nxd7 Bxd7 30. Kf2 Be6 31.
Qxg7+ Kxg7 32. Rd4 Rb8 $1 {The position is equal.} 33. Rda4 b6 34. cxb6 Rxb6
35. b3 Rb5 {Precision: White = 75%, Black = 67%.} 1/2-1/2

[Event "Yingmei Cup CHN-chT 2017"]
[Site "?"]
[Date "2017.08.20"]
[Round "14"]
[White "Gao, Rui"]
[Black "Xu, Jun"]
[Result "0-1"]
[WhiteElo "2543"]
[BlackElo "2504"]
[Annotator "TA"]
[PlyCount "150"]
[EventDate "2017.??.??"]
[SourceTitle "Wuxi"]

1. e4 e5 2. Nf3 Nc6 3. Bb5 a6 4. Ba4 Nf6 5. d3 Bc5 6. Nc3 b5 7. Bb3 h6 {
C77: Ruy Lopez: 3...a6 4 Ba4 Nf6, unusual lines} 8. Nd5 O-O 9. c3 d6 10. Nxf6+
Qxf6 11. Bd5 Bd7 12. Rg1 {LiveBook: 3 Games} h5 $146 ({Predecessor:} 12... Ne7
13. Bxa8 Rxa8 14. g4 Qe6 15. Nh4 {1/2-1/2 (39) Svidler,P (2755)-Mamedyarov,S 
(2772) Moscow 2017}) 13. h3 Rae8 14. g4 hxg4 15. hxg4 Ne7 $1 16. Bg5 Qg6 17.
Bxe7 Rxe7 18. g5 Qh5 19. Kd2 Be6 (19... Bxf2 20. Rg2 $18) 20. Rh1 Qg6 21. Kc2
f5 $2 (21... Bxf2 $16 22. Qe2 Bxd5) 22. Nh4 $2 (22. Qe2 $1 $18) 22... Qxg5 $14
23. Nxf5 Bxd5 24. Rh5 {[#]} Rxf5 $1 25. Rxg5 (25. exf5 Qf4) 25... Rxg5 26. exd5
Rf7 $1 27. b4 $36 {White fights for an advantage.} Rxf2+ 28. Kb3 Be3 29. a4 (
29. Qe1 $1 $14 Bb6 30. a4) 29... Rgg2 $1 $11 30. axb5 axb5 31. Ra8+ Kh7 32. Qb1
Kg6 (32... g6 $11) 33. Ra5 (33. d4+ $16 Kf7 34. dxe5) 33... Re2 34. d4+ $1 Kf6
35. dxe5+ Kxe5 36. Rxb5 Bb6 37. Qd1 Rd2 (37... g5 $1 $14) 38. Qh5+ $16 g5 39.
Qe8+ $2 (39. Kc4 $16) 39... Kf4 $11 40. Qe6 Rge2 41. Qf6+ Kg4 {[#]} 42. Rxb6 $1
cxb6 43. Qxd6 {Endgame KQ-KRR} Kh5 (43... b5 $1 $11 {remains equal.} 44. Qd7+
Kh4 45. Qxb5 g4) 44. Qd7 ({White should try} 44. Qxb6 $16 {Hoping for Qc7.}
Rxd5 45. c4) 44... g4 45. d6 {Qh7+ is the strong threat.} Kh4 46. Qd8+ (46.
Qh7+ $11 Kg3 47. c4) 46... Kh3 $16 47. Kc4 ({Reject} 47. Qxb6 $6 g3 $11) (47.
d7 $16 b5 48. Qh8+ Kg3 49. Qb8+ (49. d8=Q $2 {is a self mate.} Rb2+ 50. Ka3
Ra2+ 51. Kb3 Reb2#) 49... Kf3 50. Qxb5 Rb2+ 51. Kc4 Re4+ 52. Kd5 Rd2+ 53. Kc6
Re6+ 54. Kb7 (54. Kc7 Re7 $16)) 47... Re6 $11 48. Qxb6 Rdxd6 49. Qg1 g3 {
White must now prevent ...g2.} 50. Qh1+ $1 Kg4 51. b5 Re2 52. Kc5 Rde6 {
And now ...g2 would win.} 53. b6 $1 {Threatens to win with b7.} g2 54. Qd1 $2 (
54. Qg1 $11) 54... Kh3 $2 (54... Kg3 $19 55. b7 R2e5+ 56. Kc4 Rc6+ 57. Kd4 Rd6+
58. Kxe5 Rxd1) 55. b7 R2e5+ 56. Kc4 Rc6+ 57. Kb3 Rb6+ 58. Kc4 $2 {[#]} (58. Ka4
$11) 58... Kh2 $2 ({Inferior is} 58... Rxb7 59. Qf3+ Kh2 60. Qxb7 $11) ({
Black should play} 58... Re4+ $1 $19 59. Kc5 Rxb7 60. Qd3+ Kh2 61. Qd6+ Kh1 62.
Qh6+ Kg1 63. Qc1+ Kh2 64. Qh6+ Kg1 65. Qc1+ Kh2 66. Qh6+ Kg1) 59. Qd2 $2 {[#]}
(59. Qd4 $11 g1=Q 60. Qxe5+ Qg3 61. Qxg3+ Kxg3 62. Kd5) 59... Rf5 $2 {[#]} (
59... Re4+ $1 $19 60. Kc5 Rxb7 61. Qd6+ Kh1 62. Qh6+ Kg1 63. Qc1+ Kh2 64. Qh6+
Kg1 65. Qc1+ Kh2 66. Qh6+ Kg1) 60. b8=Q+ $1 Rxb8 61. Qd6+ Kh3 62. Qd3+ $2 (62.
Qh6+ $11 Kg4 63. Qg6+ Rg5 64. Qe4+ Kh5 65. Qh7+ Kg4 66. Qe4+ Kh3 67. Qh7+ Kg3
68. Qd3+ Kh4 69. Qh7+ Rh5 70. Qe7+ Kg3 71. Qd6+ Kg4 72. Qe6+ Rf5 73. Qg6+ Rg5
74. Qe4+) 62... Kg4 63. Qe2+ Kg3 64. Qe3+ Rf3 65. Qg5+ Kf2 $2 (65... Kh2 {mates
} 66. Qe5+ Rg3 67. Qxb8 g1=Q 68. Qh8+ Rh3 69. Qb8+ Qg3 70. Qb2+ Kg1 71. Qc1+
Kg2 72. Qc2+ Qf2 73. Qg6+ Rg3 74. Qe4+ Kg1 75. Qd4 Re3 76. Qd1+ Kh2 77. Qd4 Qf3
78. Kb3 Kg2 79. Qc5 Re6 80. Qg5+ Kh3 81. Qb5 Re7 82. Kb4 Rb7 83. Qxb7 Qxb7+ 84.
Kc5 Qc7+ 85. Kb4 Kg4 86. Kb3 Qc5 87. Kb2 Kf3 88. Kb3 Ke4 89. Kc2 Qf2+ 90. Kb3
Kd3 91. c4 Qb6+ 92. Ka2 Kc2 93. Ka3 Qb3#) 66. Qd2+ Kg1 (66... Kg3 $5 67. Qg5+
Kf2 68. Qd2+ Kg3 69. Qg5+ $17) 67. Qd1+ $1 Kf2 68. Qd4+ $2 (68. Qd2+ $11 Kg3
69. Qe1+ Kh3 70. Qe6+ Kh2 71. Qe5+ Rg3 72. Qh5+ Rh3 73. Qe5+ Kh1 74. Qxb8 Rh4+
75. Kb3) 68... Kg3 69. Qg7+ Kh2 {Strongly threatening ... Rc8+.} 70. Qe5+ $2 (
70. Qh6+ $17 Rh3 71. Qd6+ Kh1 72. Qxb8 Rh4+ 73. Kb5) 70... Rg3 71. Qh5+ Rh3 72.
Qe5+ Kh1 {( -> ...Rh4+)} 73. Qe4 Rc8+ {Black mates.} 74. Kd4 Rcxc3 75. Qb7 Rcf3
{Precision: White = 51%, Black = 55%.} 0-1

[Event "Yingmei Cup CHN-chT 2017"]
[Site "?"]
[Date "2017.08.20"]
[Round "14"]
[White "Lagno, Kateryna"]
[Black "Sun, Fanghui"]
[Result "1-0"]
[WhiteElo "2535"]
[BlackElo "2059"]
[Annotator "TA"]
[PlyCount "79"]
[EventDate "2017.??.??"]
[SourceTitle "Wuxi"]

1. e4 c5 2. Nf3 d6 3. d4 cxd4 4. Nxd4 Nf6 5. Nc3 a6 6. a3 e5 {B90: Sicilian
Najdorf: Unusual White 6th moves, 6 Be3 Ng4 and 6 Be3 e5} 7. Nf5 {LiveBook: 7
Games} Bxf5 (7... d5 $1 $11) (7... d5 8. Bg5 d4 9. Bxf6 Qxf6 10. Nd5 Qd8 11.
Qg4 Bxf5 12. Qxf5 Bd6 13. h4 Nc6 14. Bc4 {1-0 (44) Carlsen,M (2840)-Wojtaszek,
R (2750) Wijk aan Zee 2017}) 8. exf5 $14 d5 {White is slightly better.} 9. Bg5
d4 10. Ne4 (10. Bxf6 $5 Qxf6 11. Nd5 $11) 10... Be7 $146 ({Predecessor:} 10...
Nbd7 11. Bxf6 Nxf6 12. Nxf6+ Qxf6 13. Bd3 Be7 14. O-O {0-1 (59) Zecevic,D 
(2240)-Fercec,N (2503) Velika Gorica 2014}) 11. Bxf6 Bxf6 12. Bc4 $36 {White
has the initiative.} Nc6 {[#]} (12... O-O $11 {remains equal.}) 13. Qh5 $1 $16
Rf8 14. Qxh7 Qa5+ 15. Kf1 O-O-O {Threatens to win with ...Rh8.} 16. Qh5 ({
Of course not} 16. Nxf6 gxf6 17. Qh4 (17. Bxf7 $2 Qb5+ 18. Kg1 Qxb2 $17) 17...
Qc5 $14) 16... Nb4 17. Qe2 Nd5 18. g3 Kb8 19. Kg2 g6 (19... Qb6 $16) 20. Qf3
Bg7 (20... gxf5 $16 21. Bxd5 (21. Qxf5 Bh8 $16) 21... fxe4 22. Bxe4 Qb6) 21. f6
$18 Bh6 22. Rad1 Qc7 {[#]} 23. Bb3 $1 Qc6 24. h4 Rfe8 25. Rhe1 a5 26. c3 a4 27.
Ba2 dxc3 28. Nxc3 Nxc3 29. Qxc6 bxc6 30. bxc3 g5 $2 (30... Rxd1 31. Rxd1 Kc7
32. Bxf7 Rf8) 31. Bxf7 Rxd1 32. Rxd1 {Endgame KRB-KRB} Rf8 33. Rd7 gxh4 34.
gxh4 Bc1 35. Kf3 Bxa3 36. Ke4 Bb2 (36... Rh8 {was necessary.} 37. h5 (37. Kxe5
Rxh4 38. Be6 Rh5+ 39. Ke4 Rh2 $16) 37... Bc5 38. Kxe5 Rh7) 37. h5 {Black must
now prevent Kf5.} a3 (37... Bxc3 {might work better.} 38. Re7 a3) 38. h6 {
And now h7 would win.} Bxc3 (38... Rh8 $142 39. Ba2 Rxh6 40. Rd8+ Kc7) 39. h7
Kc8 40. Be6 {Precision: White = 90%, Black = 24%.} 1-0